| Registos Bibliográficos associados ao registo de autoridade |
|
Etiqueta de registo: 00254nam 2200025 450 001 2284112 003 http://id.bnportugal.gov.pt/bib/catbnp/2284112 010 ## $a978-989-8593-31-3 100 ## $a20260410d2025 k a0pory01030103ba 101 0# $aeng 102 ## $aPT 105 ## $aa z 000yy 106 ## $ar 200 1# $a The role of the military in political transitions, from the 18th century to the
present day$eacta 2024$fXLIX International Congress of Military History$fcoord., ed. Jorge Silva Rocha 210 #9 $aLisbon$cPortuguese Commission of Military History,$d2025 215 ## $a2 v.$cil.$d24 cm 702 #1 $aRocha,$bJorge Silva,$f1968-$4340$31586652 710 12 $aInternational Congress of Military History,$d49,$eLisboa,$f2024$31995384 801 #0 $aPT$bBN$gRPC 966 ## $b001$dV. 1$lBN$mFGMON$x1 966 ## $b001$dV. 2$lBN$mFGMON$x1 971 ## $cssilva$d20260410
|
|
|